000 00671nam a22002057a 4500
005 2010073007187.0
010 _aENG-97467
020 _a9789380348155
_c595.00
035 _aEN-81000
037 _bDBAD/PUB
082 _a921
100 _aMishra, S. K.
_93832
245 _aLife and works of Milan Kundera /
_cby S. K.Mishra
260 _aKanpur
_bBhasker Publications
_c2009
270 _a73, Mangala Vihar II, Behind Anoop Hospital
_bKanpur
_e208015
300 _a204 p.
_c25 cm (Hb)
700 _92660
942 _2ddc
_cEN
_mMIS
_h921
999 _c38270
_d38270